000 01034nam0a22002411 4500
001 rc\276558
005 20030307120420.6
035 _a(NLR Aleph) 005500589
090 _a5302792
_c5302792
100 _a20030307d1990 u |0rusy50 ca
101 0 _arus
102 _aRU
105 _ay |||||||||
200 1 _aКОМПЛЕКСНАЯ консервативная терапия для ликвидации длительного трахеального канюленосительства у детей
_eМетод. рекомендации
_fМ-во здравоохранения УзССР. [Ташк. гос .мед. ин-т
_gСост. Миразизов К.Д., проф. и др.]
210 _aТашкент
_cБ. и.
_d1990
215 _a20 с.
_d20
702 1 _aМиразизов
_bК. Д.
_gКучкар Джураевич
_4220
712 0 2 _aТашкентский мед. ин-т
_3RU\NLR\AUTH\889927685
801 0 _aRU
_bNLR
_gpsbo
801 1 _aRU
_bELAR
_2rusmarc
852 _aNLR
_j90-4/5868
942 _cBOOK
980 _aNB